000 00620nam a22002057a 4500
005 20241004111936.0
010 _aENG-141913
020 _a9789355438089
_c399.00
035 _aEN-125445
037 _bDBAD
082 _a158.1
_22
100 _aMehra, Deepak
_972361
245 _aThink like a Golfer Win like a Golfer/
_cBy Deepak Mehra
250 _a2
260 _aUttar Pradesh
_bAmaryllis
_c2024
270 _aC-16, Sector-3, Noida
_bUttar Pradesh
_e201301
300 _a208p.
_c21cm(pb)
500 _aDiscover 7 Life Lessons From the Ancient Game of Golf
942 _2ddc
_cEN
_h158.2
_mMEH
_e2
999 _c206095
_d206095